000 00534nam a2200181Ia 4500
003 GCL
008 140319s9999 xx 000 0 ara d
040 _aGCL /
_cGCL
082 0 4 _a693.5
_bس ا
100 1 _aسيد الشريف
245 1 0 _aالامان والاقتصاد فى الخرسانة المسلحة /
_cسيد الشريف
260 _a[S.N] :
_bاكاديميةالبحث العلمى ،
_c1988
490 _a
650 0 4 _aالبناء
650 0 4 _aالعمارة
650 0 4 _aالتشييد
942 _2ddc
_cBK
999 _c53517
_d53517